| 000 | 00721nam a2200205 a 4500 | ||
|---|---|---|---|
| 005 | 20140310183334.0 | ||
| 008 | 060908s19uu xx 00 eng d | ||
| 020 | _a0205407455 | ||
| 050 |
_aLC 4024 _b.Ul56 2005 |
||
| 100 | _aUlman, Jean G. | ||
| 245 |
_aMaking technology work for learners with special needs: _bpractical skills for teachers./ |
||
| 260 |
_aBoston : _bPearson Education, Inc, _c2005. |
||
| 300 |
_a225 p. : _bill. ; _c26 cm. |
||
| 521 | _aEDU | ||
| 650 |
_aChildren with disabilities _xEducation _xComputer-Assisted instruction. |
||
| 650 |
_aSpecial education _xUnited States _xComputer-Assisted instruction. |
||
| 650 | _aComputer-Assisted instruction. | ||
| 942 |
_cBK _2lcc _kFOR |
||
| 999 |
_c21645 _d21645 |
||